| 000 | 01043cab a22002295a 4500 | ||
|---|---|---|---|
| 001 | L148353 | ||
| 008 | 090908s2009 xxk f 000 0 eng d | ||
| 035 | _a(Sirsi) u148353 | ||
| 041 | 0 | _aeng | |
| 100 | 1 | _aDenyer-Green, Barry | |
| 245 | 0 | 4 | _aThe recovery of disturbance and other compensation for tenancies with short terms or early determination clauses |
| 260 | _c2009 | ||
| 490 |
_aJournal of Planning and Environment Law _v(7) 2009, 825-830 (6) |
||
| 520 | _aDiscusses compensation rules relating to disturbance from occupation for short term tenancies or early determination clauses. Presents the common law damages approach. Examines the problem of unprotected or contracted-out commercial tenancies. | ||
| 590 | _aKA | ||
| 650 | 2 | 4 | _aLANDLORD AND TENANT ACT 1954 |
| 650 | 2 | 4 | _aCOMPULSORY PURCHASE ACT 1965 |
| 651 | 4 |
_aEngland and Wales _y1543- |
|
| 690 | _aPROPERTY-COMMERCIAL PROPERTY-COMMERCIAL LANDLORD AND TENANT-BUSINESS TENANCIES | ||
| 711 | 2 | _aNational Conference of the Compulsory Purchase Association | |
| 942 | _n0 | ||
| 999 |
_c81802 _d81802 |
||